| 000 | 00000nam##2200000za#4500 |
| 001 | 9.669954 |
| 003 | CaOODSP |
| 005 | 20210615125152 |
| 007 | ta |
| 008 | 150407|2008||||xxc||||| f|0| 0 fre|d |
| 020 | |a978-0-662-05577-8 |
| 040 | |aCaOODSP|bfre |
| 041 | |aeng |
| 041 | |afre |
| 043 | |an-cn--- |
| 086 | 1 |aIu44-62/2008 |
| 110 | 1 |aCanada.|bIndustrie Canada. |bSecteur de l'industrie. |
| 245 | 10|aApproche canadienne à l'égard de la chaîne de valeur mondiale du secteur du vêtement / |cPréparé par Milstein & Co Consulting Inc. pour Industrie Canada. |
| 260 | |aOttawa - Ontario : |bIndustrie Canada. |cMars 2008. |
| 300 | |aTexte français, 28p. : |bgraphiques, tableaux ; |c28 cm. |
| 520 | 3 |aLe présent rapport examine la situation de l’industrie canadienne du vêtement en ce qui concerne de la chaîne de valeur mondiale, entre autres sa capacité à s’adapter au changement jusqu’à ce jour, les possibilités qui s’offrent à elle, des histoires de réussite et de défis. |
| 563 | |aReliure à spirale |
| 590 | |a08-16|b2008-04-18 |
| 691 | 07|aIndustrie du vêtement|2gcpds |
| 710 | 2 |aMilstein & Co Consulting Inc. |
| 776 | 0#|tApproche canadienne à l'égard de la chaîne de valeur mondiale du secteur du vêtement / |w(CaOODSP)9.637043 |
| 776 | 0#|tA Canadian approach to the apparel global value chain / |w(CaOODSP)9.692833 |
| 791 | |tA Canadian approach to the apparel global value chain / |eeng|w(CaOODSP)9.669953 |
| 986 | |aIC #: 60448 |